000 00262nam a2200097Ia 4500
005 20251222114352.0
008 251222s1900||||xx |||||||||||||| ||spa||
082 _aDVD0099/A34/2003
245 0 _aExpediciones arqueológicas en el territorio Chachapoyas:
942 _cDVD
999 _c1295
_d1295